000
00348nam a2200133Ia 4500
008
151001s9999||||xx |||||||||||||| ||und||
100
_a
व ह पिटके
245
_a
यात्रा
250
_a
1
260
_b
पारख प्रकाशन कर्नाटक
260
_c
1988
300
_a
106
365
_b
21
999
_c
977593
_d
977590